000 00595nam a2200193 4500
999 _c163732
_d163732
005 20190427121418.0
010 _aB-182527
020 _a1403924740
035 _aB-182527
037 _bDBAD/PUB
082 _a000
100 _aPrakash,R.
245 _aVerbal and Non verbal reasoning llnd Ed.
_cR,Prakash
260 _aNew Delhi
_bMacmillan India Ltd.
_c2004
270 _a2/10 Ansari road,Daryaganj,
_bNew Delhi
_e110002
300 _avi,484p.
_c21cms(hbk)
942 _2ddc
_cEN
_h000
_mPRA